Football par lettre - P - Statistiques

Statistiques générales
  • Ce quiz a été pris 201 fois
  • Le résultat moyen est 17 sur 20
Statistiques - réponses
Questions Réponses % Correct
Quel milieu de terrain français, champion du monde 2018, a popularisé le dab ? Paul Pogba
99%
Quel club français est le plus titré du championnat de France ? Paris Saint-Germain
98%
Quel attaquant brésilien est surnommé "le Roi" ? Pelé
98%
Quel défenseur français, présent au second poteau, a inscrit un sublime but en huitièmes de finale de la Coupe du Monde 2018 ? Benjamin Pavard
95%
Quel attaquant français, ultra efficace, a remporté le Ballon d'Or en 1991 ? Jean-Pierre Papin
93%
Quel milieu offensif français est le seul à avoir remporté plusieurs Ballon d'Or ? Michel Platini
92%
Quel milieu barcelonais, virtuose du ballon rond, est la pierre angulaire du FC Barcelone depuis 2020 ? Pedri
90%
Quel défenseur espagnol a formé une charnière centrale solide avec celui ci-dessus, de 2009 à 2013 ? Carles Puyol
87%
Quel milieu offensif français a évolué à l'OM et à West Ham ? Dimitri Payet
86%
Quel défenseur espagnol a remporté la Ligue des Champions en 2008, avant d'aller au Barça où il passa la grande majorité de sa carrière ? Gérard Piqué
86%
Quel attaquant portugais, buteur du PSG, était surnommé "l'Aigle des Açores" ? Pedro Miguel Pauleta
83%
Quel milieu de terrain italien a brillé du côté de l'AC Milan mais également en fin de carrière à la Juventus de Turin ? Andrea Pirlo
82%
Quel joueur tchécoslovaque a réalisé le plus célèbre geste technique de l'histoire sur penalty, lors de la finale de l'Euro 1976 ? Antonin Panenka
81%
Quel attaquant anglais brille du côté de Chelsea, depuis son arrivée de Manchester City en 2023 ? Cole Palmer
78%
Quel pays est le celui qui a participé à le plus de finales de Coupe du Monde, sans jamais la remporter ? Pays-Bas
77%
Quel club italien, performant à la fin des 1990 et au début des années 2000, a vu dans ses rangs Lilian Thuram et Fabio Cannavaro ? Parme Calcio
75%
Quel milieu de terrain bosnien a évolué à l'OL ainsi qu'à la Juventus de Turin ? Miralem Pjanic
73%
Quel pays a terminé troisième de la Coupe du Monde en 1974 avec Grzegorz Lato en buteur ? Pologne
70%
Quel club néerlandais a remporté la Ligue des Champions en 1988 ? PSV Eindhoven
70%
Quel défenseur central a passé l'entièreté de sa carrière à l'AS Saint-Etienne ? Loïc Perrin
54%
Aucun quiz correspondant
Distribution des résultats
% des personnes avec chaque résultat
Percentile par nombre de réponses
Votre historique - résultats
Vous n’avez pas pris ce quiz